| 000 | 00703nam a2200193Ia 4500 | ||
|---|---|---|---|
| 008 | 180921t2017 xxu||||| |||| 00| 0 sin d | ||
| 041 | _asin | ||
| 080 |
_a82-9 _bSAN |
||
| 100 |
_aKulathilaka Kumarasinghe _eed. |
||
| 245 | _aසංකල්පනා : මහාචාර්ය සුසන්ත මහඋල්පත ශාස්ත්රීය සංග්රහය | ||
| 246 | _aSankalpana : Mahacharya Susantha Mahaulpotha Shastreeya Sangrahaya | ||
| 260 |
_bGodage _aColombo _c2017 |
||
| 300 | _b328p, 21cm | ||
| 700 |
_aEranga Kausalya Godakanda Arachchi _eed. |
||
| 700 |
_aGihan Madusanka Hettiarachchi _eed. |
||
| 942 | _cBK | ||
| 999 |
_c4876 _d4876 |
||
| 003 | LK-CoDNM | ||
| 040 |
_aLK-CoDNM _dLK-CoDNM _eLK-CoDNM |
||